Statistics for The Shining Cast

Click here to take the quiz!

General Stats

  • This quiz has been taken 9 times
  • The average score is 6 of 14

Answer Stats

HintAnswer% Correct
Jack TorranceJack Nicholson
100%
Wendy TorranceShelley Duvall
100%
Dick HallorannScatman Crothers
86%
DoctorAnne Jackson
43%
Danny TorranceDanny Lloyd
43%
Bill WatsonBarry Dennen
29%
Stuart UllmanBarry Nelson
29%
Old Woman in BathBillie Gibson
29%
LloydJoe Turkel
29%
Young Woman in BathLia Beldam
29%
Grady DaughtersLisa Burns
29%
Grady DaughtersLouise Burns
29%
Delbert GradyPhilip Stone
29%
Larry DurkinTony Burton
29%

Score Distribution

Percentile by Number Answered

Percent of People with Each Score

Your Score History

You have not taken this quiz